Auditing Principles and Techniques (Record no. 4499)
[ view plain ]
| 000 -LEADER | |
|---|---|
| fixed length control field | 00339nam a2200145Ia 4500 |
| 008 - FIXED-LENGTH DATA ELEMENTS--GENERAL INFORMATION | |
| fixed length control field | 191201s2008 xx 000 0 und d |
| 082 ## - DEWEY DECIMAL CLASSIFICATION NUMBER | |
| Classification number | 657.45 |
| Item number | BAA |
| 100 ## - MAIN ENTRY--PERSONAL NAME | |
| Personal name | BASU, S K |
| 245 #0 - TITLE STATEMENT | |
| Title | Auditing Principles and Techniques |
| 250 ## - EDITION STATEMENT | |
| Edition statement | 3rd IMP |
| 260 ## - PUBLICATION, DISTRIBUTION, ETC. (IMPRINT) | |
| Place of publication, distribution, etc | N. Delhi |
| Name of publisher, distributor, etc | Pearson |
| Date of publication, distribution, etc | 2008 |
| 300 ## - PHYSICAL DESCRIPTION | |
| Extent | 616 |
| 650 ## - SUBJECT ADDED ENTRY--TOPICAL TERM | |
| Topical term or geographic name as entry element | BBA |
| 942 ## - ADDED ENTRY ELEMENTS (KOHA) | |
| Source of classification or shelving scheme | Dewey Decimal Classification |
| Koha item type | Text Books |
| Withdrawn status | Lost status | Source of classification or shelving scheme | Damaged status | Not for loan | Collection code | Home library | Current library | Date acquired | Source of acquisition | Cost, normal purchase price | Bill Number | Total Checkouts | Full call number | Acc. no. / Barcode | Date last seen | Date last borrowed | Bill Date | Koha item type | Public note |
|---|---|---|---|---|---|---|---|---|---|---|---|---|---|---|---|---|---|---|---|
| Dewey Decimal Classification | BBA | PIET C-LIBRARY | PIET C-LIBRARY | 26/04/2010 | J B C, New Delhi | 350.00 | SI-4915 | 1 | 657.45 BAA | 15307 | 25/11/2023 | 22/01/2022 | 11/03/2010 | Text Books | . | ||||
| Dewey Decimal Classification | BBA | PIET C-LIBRARY | PIET C-LIBRARY | 26/04/2010 | J B C, New Delhi | 350.00 | SI-4915 | 657.45 BAA | 15308 | 04/12/2019 | 11/03/2010 | Text Books | |||||||
| Dewey Decimal Classification | BBA | PIET C-LIBRARY | PIET C-LIBRARY | 26/04/2010 | J B C, New Delhi | 350.00 | SI-4915 | 657.45 BAA | 15309 | 04/12/2019 | 11/03/2010 | Text Books | |||||||
| Dewey Decimal Classification | BBA | PIET C-LIBRARY | PIET C-LIBRARY | 26/04/2010 | J B C, New Delhi | 350.00 | SI-4915 | 657.45 BAA | 15310 | 04/12/2019 | 11/03/2010 | Text Books | |||||||
| Dewey Decimal Classification | BBA | PIET C-LIBRARY | PIET C-LIBRARY | 26/04/2010 | J B C, New Delhi | 350.00 | SI-4915 | 657.45 BAA | 15311 | 04/12/2019 | 11/03/2010 | Text Books | |||||||
| Dewey Decimal Classification | BBA | PIET C-LIBRARY | PIET C-LIBRARY | 26/04/2010 | J B C, New Delhi | 350.00 | SI-4915 | 1 | 657.45 BAA | 15312 | 17/02/2022 | 14/02/2022 | 11/03/2010 | Text Books |